| 000 | 00877cam a2200265 a 4500 | ||
|---|---|---|---|
| 001 | 15133774 | ||
| 003 | OSt | ||
| 005 | 20140310181730.0 | ||
| 008 | 080110r20082007nyu b 001 0 eng | ||
| 010 | _a 2008920675 | ||
| 020 | _a9780713993370 | ||
| 040 |
_aDLC _cDLC _dDLC |
||
| 050 | 0 | 0 |
_aD 13 _b.B972 2007 |
| 082 | 0 | 0 |
_aIB 938.0072 _bB94 2007 |
| 100 | 1 |
_aBurrow, J. W. _q(John Wyon), _d1935-2009. |
|
| 245 | 1 | 2 |
_aA history of histories : _bepics, chronicles, romances and inquiries from Herodotus and Thucydides to the twentieth century / _cJohn Burrow. |
| 250 | _a1st U.S. ed. | ||
| 260 |
_aNew York : _bA.A. Knopf, _c2008. |
||
| 300 |
_axviii, 517 p. ; _c25 cm. |
||
| 650 | 0 | _aHistoriography. | |
| 906 |
_a7 _bcbc _corignew _d2 _eepcn _f20 _gy-gencatlg |
||
| 942 |
_2lcc _cBK |
||
| 999 |
_c2348 _d2348 |
||